[Event "BL 2018-19"]
[Site "Berlin"]
[Date "2019.04.06"]
[Round "14"]
[White "Zumsande, Martin"]
[Black "Tarlev, Konstantin"]
[Result "0-1"]
[WhiteElo "2492"]
[BlackElo "2557"]
[Annotator "TA"]
[PlyCount "230"]
[EventDate "2018.11.10"]
[EventType "team-tourn"]
[EventCountry "GER"]
[SourceTitle "playchess.com"]
[Source "ChessBase"]
[SourceQuality "1"]
[WhiteTeam "Werder Bremen"]
[BlackTeam "Viernheim"]

{[%evp 19,230,-2,0,-2,0,0,0,0,30,-2,-16,-16,-21,-26,0,0,0,0,0,0,0,-58,-52,-86,-87,-84,-83,-86,-82,-91,-83,-91,-96,-106,-79,-88,-64,-57,-52,-54,-57,-71,-59,-50,-50,-57,-60,-188,-197,-179,-181,-219,-175,-175,-175,-175,-175,-175,-175,-175,-175,-222,-193,-210,0,-225,-249,-203,-201,-208,-193,-252,-252,-252,-252,-241,-241,-246,-245,-245,-245,-329,-341,-332,-327,-364,-354,-393,-381,-447,-437,-423,-352,-368,-368,-352,-360,-439,-447,-440,-433,-426,-423,-357,-348,-12850,-12851,-29937,-29938,-29940,-29941,-29942,-29941,-29941,-29940,-29941,-29940,-29940,-29941,-29941,-29942,-29942,-29938,-29939,-29940,-29940,-29940,-29939,-29939,-29941,-29943,-29942,-29940,-29940,-29940,-29940,-29940,-29940,-29942,-29941,-29943,-29942,-29941,-29942,-29942,-29943,-29941,-29943,-29944,-29945,-29946,-29946,-29947,-29946,-29947,-29946,-29949,-29950,-29950,-29950,-29947,-29949,-29949,-29948,-29947,-12851,-29938,-29956,-29957,-29956,-29955,-29975,-29977,-29979,-29980,-29980,-29980,-29981,-29982,-29982,-29980,-29980,-29981,-29981,-29979,-29983,-29984,-29984,-29981,-29981,-29977,-29982,-29983,-29983,-29981,-29981,-29982,-29983,-29984,-29984,-29985,-29990,-29991,-29991,-29990,-29990,-29991,-29991,-29990,-29990,-29990,-29991,-4141]} 1. e4 e6 2. d4 d5 3. Nc3 Bb4 4. e5 c5 5. a3 Bxc3+ 6. bxc3 Nc6 7. Nf3 Nge7 8. h4 Bd7 9. h5 h6 10. Bd3 Qc7 11. O-O {C18: French: 3 Nc3 Bb4: Main line: 7 h4 and 7 Qg4} c4 12. Be2 f6 {[%cal Rf6e5]} 13. Bf4 {The position is equal.} O-O-O {[#]} 14. Bh2 $146 {And now exf6 would win.} ({Predecessor:} 14. exf6 Qxf4 15. fxe7 Rde8 16. g3 Qf6 17. Nh4 Nxe7 18. Bg4 g6 {½-½ (33) Makarichev,S (2505)-Gruenberg,H (2450) Sochi 1983}) 14... f5 15. Nh4 Rdg8 16. Bf4 g5 $36 {[%mdl 2048] Black is pushing.} 17. hxg6 $1 Nxg6 18. Nxg6 Rxg6 19. g3 Qa5 20. Qd2 (20. Bh5 $11 Rg5 21. Bd2 (21. Bxg5 hxg5 22. Re1 g4 $17)) 20... h5 $1 $15 21. Kg2 h4 22. Rh1 Rgg8 23. Rh3 hxg3 {...Rxh3 is the strong threat.} 24. Rxh8 Rxh8 25. fxg3 Be8 26. Bg5 Rg8 27. Bf6 b6 {[%cal Bb7b6,Bb6b5][%mdl 32]} 28. Kf2 Bg6 29. a4 b5 30. Ra3 Be8 31. Qc1 bxa4 32. Qh6 {Strongly threatening Qh7.} Qc7 $1 33. Rxa4 {[#]} (33. Bh4 $15 Qf7 34. Bh5 $1 {[%mdl 512]}) 33... Nxd4 $1 $19 {[%mdl 512]} 34. Ra6 {[#]} (34. cxd4 Bxa4) 34... Nc6 $1 35. Qe3 Kb7 36. Ra1 Qb6 37. Qxb6+ Kxb6 (37... axb6 38. Rh1 $17) 38. Rb1+ Kc7 39. Bf3 a5 40. Ra1 Bd7 41. Bh5 Be8 42. Bf3 Kb6 43. Be2 Ka6 44. Bf3 Bd7 45. Be2 (45. Rh1 {was worth a try.}) 45... Na7 46. Be7 Kb6 47. Bf3 Nb5 48. Rb1 Kc6 49. Ra1 Ra8 ({Don't take} 49... Nxc3 50. Rxa5 Kb6 51. Bb4) 50. g4 fxg4 ({Not} 50... Nxc3 51. g5 $17) 51. Bxg4 Nxc3 52. Ke3 Nb5 53. Bf3 Kb6 54. Kd2 Bc6 55. Be2 Rg8 56. c3 Rg2 57. Bd8+ Kb7 58. Bxa5 d4 59. cxd4 Nxd4 60. Kc3 Nxe2+ 61. Kxc4 Rg1 62. Rxg1 $2 (62. Be1) 62... Nxg1 63. Kc5 Bd5 64. Bd8 Kc8 65. Bf6 Kc7 66. Bg5 Ne2 67. Bd2 Ng3 68. Ba5+ Kd7 69. Be1 Ne4+ 70. Kd4 Ke7 71. Ke3 Kf7 72. Bb4 Kg6 73. Kf4 Ng5 74. Bd6 Kh5 75. Be7 Nf7 76. Bf6 Bb3 77. Kg3 Nh6 78. Kf4 Nf5 79. Bd8 Nh4 80. Bf6 Ng6+ 81. Kf3 Ba4 82. Kg3 Bd1 83. Kf2 Kg4 84. Ke3 Kf5 85. Kd4 Bb3 86. Bg7 Nh4 87. Kc5 Nf3 88. Kd6 Bd5 89. Bh8 Ke4 90. Bf6 Nd2 91. Kc5 Nc4 92. Bg7 Nxe5 93. Bh8 {Black mates.} Nd3+ 94. Kd6 e5 95. Bxe5 Nxe5 96. Kc5 Nd3+ 97. Kd6 Bc4 98. Kc6 Ke5 99. Kd7 Nc5+ 100. Kc6 Ne4 101. Kd7 Kf6 102. Kc6 Ke6 103. Kb6 Kd6 104. Ka5 Kc5 105. Ka4 Kd4 106. Kb4 Bd5 107. Kb5 Nc5 {[%cal Be4c5,Bc5e6,Be6f4][%mdl 32]} 108. Kb6 Ne6 109. Kb5 Kc3 110. Kb6 Kb4 111. Ka6 Kc5 112. Ka5 Bc6 113. Ka6 Nf4 114. Ka5 Nd5 115. Ka6 Kb4 {Accuracy: White = 52%, Black = 83%.} (115... Ne3 $142 116. Ka7 Nc4 117. Kb8 Nd6 118. Kc7 Nb7 119. Kb8 Kb6 120. Kc8 Bb5 121. Kb8 Bd7 122. Ka8 Nc5 123. Kb8 Na6+ 124. Ka8 Bc6#) 0-1

[Event "BL 2018-19"]
[Site "Berlin"]
[Date "2019.04.06"]
[Round "14"]
[White "Vrolijk, Liam"]
[Black "Howell, David W L"]
[Result "1-0"]
[WhiteElo "2445"]
[BlackElo "2693"]
[Annotator "TA"]
[PlyCount "95"]
[EventDate "2018.11.10"]
[EventType "team-tourn"]
[EventCountry "GER"]
[SourceTitle "playchess.com"]
[Source "ChessBase"]
[SourceQuality "1"]
[WhiteTeam "Muelheim"]
[BlackTeam "Hockenheim"]

{[%evp 18,95,45,6,14,0,6,10,11,5,38,17,26,17,36,25,47,43,43,22,102,102,111,88,123,135,127,142,129,99,248,258,250,254,239,228,233,240,231,200,246,240,362,327,288,236,242,232,654,664,649,0,0,0,681,671,664,657,641,641,632,627,862,797,1008,1013,1183,1184,2298,2525,2447,2367,2129,1866,1788,1702,29989,29990,29995,29992]} 1. Nf3 Nf6 2. g3 g6 3. Bg2 Bg7 4. O-O d5 5. d4 O-O 6. c4 dxc4 7. Na3 c3 8. bxc3 c5 9. Re1 Nc6 10. e4 Bg4 {D77: Fianchetto Grünfeld: 6 0-0: Replies other than 6...c6} 11. Bb2 Ne8 (11... e5 12. d5 Na5 13. c4 Ne8 14. Qa4 Bxf3 15. Bxf3 Nd6 16. Rac1 a6 17. Qc2 Rb8 18. Be2 {1-0 (64) Yu,Y (2751)-Savchenko,B (2566) Riadh 2017}) 12. Nc2 Nd6 {The position is equal.} 13. Qd3 $146 ({Predecessor:} 13. Rb1 Qa5 14. Ne3 Bxf3 15. Bxf3 Rfd8 16. e5 Nb5 17. e6 fxe6 18. Nc4 {½-½ (44) Tadic,B (2513)-Djukic,N (2539) Cetinje 2013}) 13... Qa5 14. Ne3 Bxf3 15. Bxf3 cxd4 16. cxd4 {[%cal Bc3d4,Bd4d5][%mdl 32]} Qb5 17. Qd2 $36 {[%mdl 2048] White has some pressure.} Rfd8 18. e5 Nc8 (18... Ne8 $1 $11) 19. Qc2 $1 $16 e6 20. a4 Qa6 21. d5 $1 {[%cal Rd5c6]} Nxe5 22. Bxe5 Bxe5 23. Rab1 $1 {aiming for dxe6.} Bg7 (23... exd5 $16 24. Nxd5 Qd6) 24. dxe6 $18 Qxe6 {[#]} 25. Nd5 $1 ({Less strong is} 25. Bxb7 Rb8 $14) (25. Rxb7 Nd6 $14) 25... Qd6 26. Nc7 ({Don't do} 26. Rxb7 $6 Rb8 $16) 26... Qf6 27. Nxa8 Qxf3 28. Rbd1 Rf8 29. Nc7 {[%cal Ba8c7,Bc7e8,Be8g7][%mdl 32]} h5 (29... Qc3 $142 30. Rc1 Qxc2 31. Rxc2 Nd6) 30. Ne8 Nb6 31. a5 Nd5 {intending ...Nf4.} 32. Nxg7 Nf4 $2 (32... Kxg7 33. Qd3 Qxd3 34. Rxd3 Nf6) 33. gxf4 Qg4+ 34. Kh1 Qf3+ 35. Kg1 Qg4+ 36. Kf1 {Hoping for Qc3.} Qh3+ {[#]} 37. Ke2 $1 Qg4+ 38. Ke3 Kxg7 39. Qe4 Rc8 40. Rc1 Rd8 41. Qe5+ Kg8 42. f3 Qh3 43. Red1 Rf8 44. Qe7 Kg7 45. Rd8 Rxd8 46. Qxd8 Qxh2 47. Qd4+ f6 48. Qd8 {Accuracy: White = 79%, Black = 40%.} 1-0

[Event "BL 2018-19"]
[Site "Berlin"]
[Date "2019.04.06"]
[Round "14"]
[White "Zelbel, Patrick"]
[Black "Braun, Arik"]
[Result "1/2-1/2"]
[WhiteElo "2439"]
[BlackElo "2605"]
[Annotator "ChessBase"]
[PlyCount "43"]
[EventDate "2018.11.10"]
[EventType "team-tourn"]
[EventCountry "GER"]
[SourceTitle "playchess.com"]
[Source "ChessBase"]
[SourceQuality "1"]
[WhiteTeam "Muelheim"]
[BlackTeam "Hockenheim"]
[TimeControl "40/6000+30:3000+30"]

1. e4 {[%emt 0:00:30]} c5 {[%emt 0:00:30]} 2. c3 {[%emt 0:00:00]} Nf6 {[%emt 0:00:00]} 3. e5 {[%emt 0:00:00]} Nd5 {[%emt 0:00:00]} 4. Bc4 {[%emt 0:00:30]} Nb6 {[%emt 0:00:30]} 5. Bb3 {[%emt 0:00:00]} c4 {[%emt 0:00:30]} 6. Bc2 {[%emt 0:00:00]} Nc6 {[%emt 0:00:30]} 7. Nf3 {[%emt 0:00:30]} Qc7 {[%emt 0:00:00]} 8. O-O {[%emt 0:00:00]} Nxe5 {[%emt 0:02:00]} 9. Nxe5 {[%emt 0:00:00]} Qxe5 {[%emt 0:00:30]} 10. Re1 {[%emt 0:00:00]} Qc7 {[%emt 0:03:30]} 11. a4 {[%emt 0:04:00]} e6 {[%emt 0:06:30]} 12. a5 {[%emt 0:01:30]} Nd5 {[%emt 0:02:30]} 13. d3 {[%emt 0:00:30]} cxd3 {[%emt 0:02:30]} 14. Qxd3 {[%emt 0:00:30]} Be7 {[%emt 0:01:30]} 15. Na3 {[%emt 0:14:30]} Qxa5 {[%emt 0:09:30]} 16. Bd2 {[%emt 0:05:30]} Qd8 {[%emt 0:02:30]} 17. Nb5 {[%emt 0:01:30]} a6 {[%emt 0:14:30]} 18. Qg3 {[%emt 0:11:30]} O-O {[%emt 0:14:30]} 19. Bh6 {[%emt 0:04:30]} g6 {[%emt 0:01:30]} 20. Bxf8 {[%emt 0:22:30]} Qxf8 {[%emt 0:00:30]} 21. Red1 {[%emt 0:01:30]} Bc5 {[%emt 0:09:30]} 22. Bb3 {[%emt 0:07:30]} 1/2-1/2

[Event "BL 2018-19"]
[Site "Berlin"]
[Date "2019.04.06"]
[Round "14"]
[White "Buckels, Valentin"]
[Black "Banusz, Tamas"]
[Result "1/2-1/2"]
[WhiteElo "2427"]
[BlackElo "2606"]
[Annotator "ChessBase"]
[PlyCount "85"]
[EventDate "2018.11.10"]
[EventType "team-tourn"]
[EventCountry "GER"]
[SourceTitle "playchess.com"]
[Source "ChessBase"]
[SourceQuality "1"]
[WhiteTeam "Muelheim"]
[BlackTeam "Hockenheim"]
[TimeControl "40/6000+30:3000+30"]

1. d4 {[%emt 0:00:30]} d5 {[%emt 0:00:30]} 2. Bf4 {[%emt 0:00:30]} Nf6 {[%emt 0:00:30]} 3. e3 {[%emt 0:00:30]} c5 {[%emt 0:00:30]} 4. Nf3 {[%emt 0:00:30]} e6 {[%emt 0:00:30]} 5. Nbd2 {[%emt 0:00:30]} Bd6 {[%emt 0:00:30]} 6. Bg3 {[%emt 0:00:30]} Qc7 {[%emt 0:00:30]} 7. dxc5 {[%emt 0:00:30]} Qxc5 {[%emt 0:00:30]} 8. c4 {[%emt 0:00:30]} dxc4 {[%emt 0:00:30]} 9. Rc1 {[%emt 0:00:30]} Bxg3 {[%emt 0:00:30]} 10. hxg3 {[%emt 0:00:30]} Nc6 {[%emt 0:00:30]} 11. Rxc4 {[%emt 0:00:30]} Qe7 {[%emt 0:00:30]} 12. Qc2 {[%emt 0:00:30]} Bd7 {[%emt 0:00:30]} 13. g4 {[%emt 0:00:30]} Na5 {[%emt 0:00:30]} 14. g5 {[%emt 0:00:30]} Nd5 {[%emt 0:00:30]} 15. Rch4 {[%emt 0:00:30]} Rc8 {[%emt 0:00:30]} 16. Qb1 {[%emt 0:00:30]} Qc5 {[%emt 0:00:30]} 17. Bd3 {[%emt 0:00:30]} Nb4 {[%emt 0:00:30]} 18. Ne4 {[%emt 0:00:30]} Nxd3+ {[%emt 0:00:30]} 19. Qxd3 {[%emt 0:00:30]} Qc1+ {[%emt 0:00:30]} 20. Ke2 {[%emt 0:00:30]} Qc2+ {[%emt 0:00:30]} 21. Qxc2 {[%emt 0:00:30]} Rxc2+ {[%emt 0:00:30]} 22. Kd3 {[%emt 0:00:30]} Rxb2 {[%emt 0:00:30]} 23. Rxh7 {[%emt 0:00:30]} Rg8 {[%emt 0:00:30]} 24. Rh8 {[%emt 0:00:30]} Rxh8 {[%emt 0:00:30]} 25. Rxh8+ {[%emt 0:00:30]} Ke7 {[%emt 0:00:30]} 26. Rg8 {[%emt 0:00:30]} Rxa2 {[%emt 0:00:30]} 27. g6 {[%emt 0:00:30]} Bb5+ {[%emt 0:00:30]} 28. Kc3 {[%emt 0:00:30]} Ra3+ {[%emt 0:00:30]} 29. Kb2 {[%emt 0:00:30]} Nc4+ {[%emt 0:00:30]} 30. Kb1 {[%emt 0:00:30]} Bc6 {[%emt 0:00:30]} 31. Neg5 {[%emt 0:00:30]} fxg6 {[%emt 0:00:30]} 32. Rxg7+ {[%emt 0:00:30]} Kd6 {[%emt 0:00:30]} 33. Nd4 {[%emt 0:00:30]} Ne5 {[%emt 0:00:30]} 34. Kb2 {[%emt 0:00:30]} Ra5 {[%emt 0:00:30]} 35. Kb3 {[%emt 0:00:30]} Bd5+ {[%emt 0:00:30]} 36. Kb4 {[%emt 0:00:30]} Ra2 {[%emt 0:00:30]} 37. f4 {[%emt 0:00:30]} Nd3+ {[%emt 0:00:30]} 38. Kc3 {[%emt 0:00:30]} Ra3+ {[%emt 0:00:30]} 39. Kd2 {[%emt 0:00:30]} a6 {[%emt 0:00:30]} 40. Nc2 {[%emt 0:00:30]} Rb3 {[%emt 0:00:30]} 41. Nd4 {[%emt 0:50:30]} Ra3 {[%emt 0:50:30]} 42. Nc2 {[%emt 0:00:30]} Rb3 {[%emt 0:00:30]} 43. Nd4 {[%emt 0:00:30]} 1/2-1/2

[Event "BL 2018-19"]
[Site "Berlin"]
[Date "2019.04.06"]
[Round "14"]
[White "Abergel, Thal"]
[Black "Werle, Jan"]
[Result "1/2-1/2"]
[WhiteElo "2425"]
[BlackElo "2528"]
[Annotator "TA"]
[PlyCount "152"]
[EventDate "2018.11.10"]
[EventType "team-tourn"]
[EventCountry "GER"]
[SourceTitle "playchess.com"]
[Source "ChessBase"]
[SourceQuality "1"]
[WhiteTeam "Viernheim"]
[BlackTeam "Werder Bremen"]

{[%evp 26,152,6,0,15,14,12,9,20,12,23,-5,-10,-3,0,0,0,0,14,-16,-15,-48,-16,0,0,-33,-31,-25,0,0,0,0,69,0,0,-10,0,0,0,-33,-20,-20,-20,-20,-14,-43,-50,-84,-42,-42,-5,-5,-5,-5,-5,-6,0,-6,0,0,0,-13,0,0,0,0,0,0,0,0,0,-7,0,-13,-10,-8,0,0,0,-8,0,0,0,-13,-13,-36,-29,-29,-29,-36,-36,-37,-21,-64,0,0,0,0,0,0,0,-80,-80,-80,-80,-80,-80,-80,-74,-77,-13,-14,-10,-13,0,0,0,0,0,0,0,0,0,0,0,0,0,0,0]} 1. Nf3 Nf6 2. g3 e6 3. Bg2 d5 4. O-O Be7 5. c4 O-O 6. b3 c5 7. Bb2 Nc6 8. e3 b6 9. Nc3 dxc4 10. bxc4 Bb7 11. Qe2 Qc7 12. Ne1 {A14: English Opening: 1...e6 with b3 by White} (12. Rfd1 Rfd8 13. Rab1 a6 14. Ba1 Na7 15. Ne1 Rab8 16. g4 b5 17. g5 Ne8 18. Qg4 Nd6 19. cxb5 axb5 {1-0 (33) Maghsoodloo,P (2666)-Tiviakov,S (2610) Bandar e Anzali 2019}) 12... a6 13. f4 Na7 14. a4 {LiveBook: 3 Games} Rab8 15. Nf3 $146 ({Predecessor:} 15. g4 Bxg2 16. Nxg2 Qb7 17. g5 Ne4 18. Nd1 b5 19. axb5 axb5 {½-½ (55) Ushenina,A (2423)-Mkrtchian,L (2403) Tbilisi 2018}) 15... Rfd8 16. d3 Ba8 17. Rab1 Nc6 18. h3 Nb4 19. Rbd1 Ne8 20. e4 Bc6 21. Rd2 Bf8 22. Qe3 Nd6 23. g4 {[#]} Nxd3 $1 {[%mdl 512]} 24. Qxd3 {Hoping for Qe2.} (24. Rxd3 Nxc4) 24... Nxe4 $1 25. Qc2 Nxd2 26. Nxd2 Bxg2 27. Kxg2 Qb7+ 28. Nf3 h6 (28... Rd4 $11) 29. f5 (29. g5 $14) 29... exf5 $11 30. gxf5 {[#]} b5 $1 {[%mdl 512]} 31. axb5 axb5 32. cxb5 c4 33. Rd1 $1 Be7 {[%cal Bf8e7,Be7d8,Bd8f6][%mdl 32]} 34. Rxd8+ Bxd8 35. Qe2 Bf6 36. Qxc4 Rc8 37. Qd3 $1 Rd8 38. Qe2 Kh7 39. Na4 Bxb2 40. Nxb2 Rd5 41. Qe4 {And now b6 would win.} Qxb5 42. Nc4 $1 {With the idea f6+.} f6 43. Kg3 Rc5 44. Ne3 Qb8+ 45. Qf4 Qb3 46. Qe4 Qb8+ 47. Qf4 Qe8 48. Ng4 Qd8 49. Qe4 Qd6+ 50. Qf4 Qd3 51. Qe3 Qd6+ 52. Qf4 $1 {[%cal Rf4d6]} Qc6 53. Ne3 Rc3 54. Qd4 Ra3 55. Kf2 ({Reject} 55. Qf4 Ra4 $17) 55... Ra2+ {[%mdl 1024] Black has compensation.} 56. Kg3 Ra4 57. Qd5 Qc7+ 58. Kg2 Rb4 59. Qd2 Qb8 (59... Qb7 $15 60. Nd1 Rb5) 60. Nc2 Rb3 61. Qd5 Rb2 62. Qe4 Qb3 63. Nfe1 (63. Nfd4 $11 {keeps the balance.} Qb8 64. Qg4) 63... Qc3 $17 64. Qe2 Qc6+ 65. Kg1 Qc5+ 66. Qf2 Qd5 67. Qd4 Qb5 ({Better is} 67... Qb3 $17 {White must now prevent ...Qg3+.} 68. Ne3 Qb8) 68. Ne3 $1 $11 {The position is equal.} Qe2 {( -> ...Qh2+)} 69. N1g2 Qf2+ 70. Kh2 Re2 {White should prevent ...Qf3.} 71. Qe4 Ra2 72. h4 h5 73. Qc4 Re2 74. Qe4 Ra2 75. Qc4 Re2 76. Qe4 Ra2 {Precision: White = 60%, Black = 47%.} 1/2-1/2

[Event "BL 2018-19"]
[Site "Berlin"]
[Date "2019.04.06"]
[Round "14"]
[White "Warmerdam, Max"]
[Black "Buhmann, Rainer"]
[Result "1/2-1/2"]
[WhiteElo "2422"]
[BlackElo "2574"]
[Annotator "ChessBase"]
[PlyCount "48"]
[EventDate "2018.11.10"]
[EventType "team-tourn"]
[EventCountry "GER"]
[SourceTitle "playchess.com"]
[Source "ChessBase"]
[SourceQuality "1"]
[WhiteTeam "Muelheim"]
[BlackTeam "Hockenheim"]
[TimeControl "40/6000+30:3000+30"]

1. e4 {[%emt 0:00:30]} c6 {[%emt 0:00:30]} 2. Nf3 {[%emt 0:00:30]} d5 {[%emt 0:00:30]} 3. Nc3 {[%emt 0:00:30]} dxe4 {[%emt 0:00:30]} 4. Nxe4 {[%emt 0:00:30]} Nf6 {[%emt 0:00:30]} 5. Qe2 {[%emt 0:00:30]} Nxe4 {[%emt 0:00:30]} 6. Qxe4 {[%emt 0:00:30]} Nd7 {[%emt 0:00:30]} 7. Bc4 {[%emt 0:00:30]} Nf6 {[%emt 0:00:30]} 8. Ne5 {[%emt 0:00:30]} e6 {[%emt 0:00:30]} 9. Qe2 {[%emt 0:00:30]} b5 {[%emt 0:00:30]} 10. Bb3 {[%emt 0:00:30]} Qc7 {[%emt 0:04:30]} 11. d4 {[%emt 0:14:30]} Bd6 12. Bg5 O-O {[%emt 0:12:00]} 13. Bxf6 {[%emt 0:16:00]} gxf6 {[%emt 0:02:30]} 14. Nd3 Kh8 15. f4 Bb7 16. Qf2 Rad8 {[%emt 0:33:30]} 17. Nc5 {[%emt 0:29:00]} Bxc5 {[%emt 0:12:30]} 18. dxc5 {[%emt 0:00:30]} Qa5+ {[%emt 0:07:30]} 19. c3 {[%emt 0:00:30]} b4 {[%emt 0:00:30]} 20. c4 {[%emt 0:01:30]} Rd7 {[%emt 0:08:30]} 21. Qh4 {[%emt 0:09:30]} Qxc5 {[%emt 0:04:30]} 22. Bc2 {[%emt 0:00:30]} f5 {[%emt 0:12:32]} 23. Qf6+ {[%emt 0:00:30]} Kg8 {[%emt 0:00:06]} 24. Qg5+ {[%emt 0:00:00]} Kh8 {[%emt 0:00:03]} 1/2-1/2

[Event "BL 2018-19"]
[Site "Berlin"]
[Date "2019.04.06"]
[Round "14.1"]
[White "Vachier-Lagrave, Maxime"]
[Black "Harikrishna, Pentala"]
[Result "1-0"]
[WhiteElo "2775"]
[BlackElo "2725"]
[Annotator "TA"]
[PlyCount "131"]
[EventDate "2018.11.10"]
[EventType "team-tourn"]
[EventCountry "GER"]
[SourceTitle "playchess.com"]
[Source "ChessBase"]
[SourceQuality "1"]
[WhiteTeam "Baden-Baden"]
[BlackTeam "Solingen"]

{[%evp 11,131,26,42,33,45,31,40,42,58,29,16,22,15,6,6,9,16,18,13,19,16,0,33,20,22,16,16,22,128,130,128,127,127,120,130,130,121,122,134,126,171,175,164,176,175,169,189,188,172,185,201,147,187,181,215,189,211,208,215,174,198,189,254,242,267,246,233,257,270,260,241,234,345,361,360,353,341,294,297,155,166,47,52,12,12,12,12,12,12,12,12,12,62,62,64,64,105,87,114,114,359,356,287,292,258,221,348,350,323,314,297,286,616,616,613,608,594,594,579,572,397,389]} 1. e4 c5 2. Nf3 e6 3. d4 cxd4 4. Nxd4 Nc6 5. Nc3 Qc7 6. Be3 a6 7. Qf3 {B48: Sicilian: Taimanov: 5 Nc3 Qc7 6 Be3 a6 without Be2} Nf6 8. O-O-O Ne5 9. Qg3 {White is slightly better.} b5 {Black wants to play ...b4.} 10. a3 (10. f4 $5 {[%cal Rf4e5]} Neg4 11. Bd3 $11) 10... Bb7 11. Bxb5 Rc8 $1 (11... axb5 $6 12. Ndxb5 Qb8 13. Bb6 $16) 12. Ba4 {Strongly threatening Bf4.} ({But not} 12. Bf4 Nh5 $17) 12... Nxe4 13. Nxe4 Bxe4 14. Bf4 Qa5 15. Bxe5 Qxa4 {[#]} 16. Rd2 $146 f6 17. Bd6 $36 {[%mdl 2048] Black must now prevent Re1. White has some pressure.} Kf7 18. Re1 Bg6 $1 19. Ree2 e5 (19... h5 $11) 20. b3 $16 Qa5 21. Qh3 Rd8 22. b4 Qa4 23. Qb3+ Qxb3 24. Nxb3 Bf5 25. Nc5 Be7 26. Nb7 ({Don't do} 26. Nxa6 $6 Ra8 $14) 26... Ra8 27. Bxe7 Kxe7 28. f4 $1 Rab8 29. Nd6 $1 {[%cal Rd6f5]} Be6 30. fxe5 f5 31. h4 g6 32. Rf2 Rhf8 33. Rd3 Rb6 34. Kb2 Rc6 35. Rg3 Rb8 36. Rc3 Bd5 (36... Bg8 {was worth a try.} 37. Re3 Rf8) 37. Rxc6 $18 Bxc6 {[%mdl 4096] Endgame KRB-KRN} 38. Kc3 a5 39. Kc4 ({Don't play} 39. bxa5 $6 Ke6) 39... axb4 40. axb4 {[%cal Ba3b4,Bb4b5][%mdl 32]} Ke6 41. Re2 f4 (41... g5 {keeps fighting.} 42. hxg5 Rg8) 42. b5 Ba8 43. Kd4 h6 44. c4 g5 45. hxg5 (45. Rf2 $18) 45... hxg5 $16 46. c5 ({White should try} 46. Ra2 $18) 46... Bd5 47. Rc2 {aiming for c6.} Ra8 48. c6 dxc6 49. bxc6 Ra4+ 50. Kd3 Kxe5 51. c7 Be6 52. Nc4+ Kf6 53. Nb6 Ra3+ 54. Kd4 {Hoping for Rc6.} Bg4 55. Rc6+ Kf7 $2 (55... Kg7 $16 {is a better defense.} 56. Rc2 Ra6) 56. Nc4 $1 $18 {[%cal Rc4e5]} Ra4 57. Kc5 $1 {Threatens to win with Ne5+.} Ke7 {[#]} 58. Rg6 $1 Ra2 (58... Ra1 {was necessary.} 59. Rxg5 Bc8) 59. Rxg5 Bc8 60. Rg8 Be6 {next ...Rc2 is good for Black.} 61. Rg6 {Rxe6+! is the strong threat.} Bc8 $2 {[#]} (61... Bf5 62. Rg8 Rf2) 62. Nd6 $1 Ra5+ 63. Kb4 Re5 64. Nxc8+ Kd7 65. Nd6 Kxc7 66. Nb5+ {Accuracy: White = 78%, Black = 55%.} 1-0

[Event "BL 2018-19"]
[Site "Berlin"]
[Date "2019.04.06"]
[Round "14.1"]
[White "Nisipeanu, Liviu-Dieter"]
[Black "Svane, Rasmus"]
[Result "0-1"]
[WhiteElo "2674"]
[BlackElo "2600"]
[Annotator "TA"]
[PlyCount "134"]
[EventDate "2018.11.10"]
[EventType "team-tourn"]
[EventCountry "GER"]
[SourceTitle "playchess.com"]
[Source "ChessBase"]
[SourceQuality "1"]
[WhiteTeam "Dresden"]
[BlackTeam "Hamburg SK"]

{[%evp 13,134,20,19,8,14,14,16,12,8,0,0,0,8,8,0,0,0,0,0,0,0,0,0,0,2,0,0,0,14,-16,-15,-41,-33,-35,-8,-8,-8,-8,0,0,0,0,0,-10,-12,-11,-17,-68,-68,-94,-108,-156,-139,-190,-180,-220,-213,-218,-206,-288,-279,-265,-277,-266,-225,-225,-225,-225,-219,-227,-229,-228,-212,-230,-225,-208,-210,-210,-193,-189,-197,-259,-246,-260,-252,-295,-295,-334,-254,-259,-246,-432,-432,-378,-404,-474,-342,-468,-292,-416,-470,-460,-460,-470,-469,-417,-415,-812,-626,-961,-963,-962,-952,-908,-595,-952,-936,-902,-837,-788,-721,-665,-633]} 1. e4 e5 2. Nf3 Nc6 3. Bb5 a6 4. Ba4 Nf6 5. O-O Be7 6. d3 b5 7. Bb3 d6 8. a3 {C84: Closed Ruy Lopez: Unusual White 6th moves} Na5 9. Ba2 c5 10. Nc3 {The position is equal.} Be6 11. Bg5 (11. Nh4 O-O 12. Nf5 Nc6 13. Bg5 Bxf5 14. exf5 Qd7 15. g4 Rac8 16. Bxf6 Bxf6 {½-½ (31) Nepomniachtchi,I (2771)-Adams,M (2708) Astana 2019}) 11... O-O 12. Bxf6 Bxf6 13. Nd5 g6 14. b4 Nc6 15. c3 Bg7 {[#]} 16. Qe2 $146 Rc8 17. Ne3 Bd7 18. h4 Bh6 19. bxc5 dxc5 20. Bd5 Qe7 21. a4 b4 22. Nc4 Bg4 23. Bxc6 $1 {Bd5 is the strong threat.} Rxc6 (23... Bxf3 {looks sharper.} 24. Qxf3 Rxc6 25. cxb4 cxb4 26. Rab1 Rb8) 24. Ncxe5 Qxe5 25. Nxe5 Bxe2 26. Nxc6 Bxf1 27. Kxf1 bxc3 $15 {[%mdl 4096] Endgame Threatens to win with ...c2. KRB-KRN} 28. Ra2 Re8 29. Rc2 Bg7 30. f4 (30. Ke2 $11) 30... Bd4 $1 31. Ke2 Re6 32. Na5 Rb6 33. Nc4 (33. g4 $17 {was called for.}) 33... Rb1 $19 34. e5 h5 35. Kf3 Kf8 36. Ne3 Rb2 37. Rc1 Rd2 38. Nc4 Rf2+ 39. Kg3 {intending Rxc3.} Ra2 40. a5 Ke7 41. Kf3 Rf2+ 42. Kg3 Ke6 43. Rb1 c2 44. Rc1 Kd5 45. Nb6+ {[#]} Kc6 $1 46. Nc4 {[#]} Kd7 $1 47. Kh3 (47. Re1 $142) 47... Rxf4 48. Rxc2 Rf1 49. Ra2 Ke6 50. Ra3 Rh1+ 51. Kg3 Bxe5+ 52. Nxe5 $2 (52. Kf3) 52... Kxe5 {KR-KR} 53. Rb3 Ra1 54. Rb7 f6 55. Re7+ Kf5 56. Rc7 (56. Kf3 {was necessary.}) 56... Rxa5 57. Rc6 Rb5 58. Kf3 a5 59. Ra6 Rb3 60. Ke3 (60. Ke2 $142 Rb2+ 61. Kf3) 60... c4 {Black is clearly winning.} 61. Rxa5+ Kg4 62. Ra6 Rxd3+ 63. Ke2 Kf5 64. Rc6 Rd4 65. g3 Ke5 66. Rc5+ Kd6 67. Rc8 Rg4 {Accuracy: White = 48%, Black = 89%.} 0-1